GoogleEarthで3D化している日本の都市・地域 - Statistics

General Stats
  • This quiz has been taken 188 times
    39 since last reset
  • The average score is 77 of 99
Answer Stats
地方 都市・地域名 % Correct
北海道 札幌
100%
函館
100%
旭川
100%
帯広
100%
東北 青森
100%
八戸
100%
盛岡
100%
仙台・石巻
100%
秋田
100%
山形
100%
郡山
100%
福島
100%
小樽
96%
いわき
96%
関東 水戸
96%
宇都宮
96%
高崎・前橋
96%
東京・横浜・さいたま・千葉・富士
96%
釧路
93%
米沢
93%
会津若松
93%
北見
89%
花巻
89%
那須塩原
89%
中部 新潟
89%
富山
89%
金沢
89%
福井
89%
敦賀
89%
甲府
89%
長野
89%
松本
89%
上田
89%
静岡
89%
浜松
89%
名古屋・岐阜・津
89%
大阪・京都・大津・神戸・奈良・和歌山
89%
岡山・倉敷
89%
広島
89%
酒田
85%
日光
85%
中国 鳥取
85%
境港/米子
85%
松江
85%
出雲
85%
福山
85%
山口
85%
四国 徳島
85%
高松
85%
松山
85%
今治
85%
高知
85%
九州 福岡・佐賀
85%
長崎
85%
佐世保
85%
熊本
85%
大分
85%
別府
85%
宮崎
85%
鹿児島
85%
那覇
85%
室蘭
81%
鯖江・越前
81%
飯田
81%
81%
八代
81%
都城
81%
延岡
81%
奥州
78%
大崎/古川
78%
横手
78%
諏訪・茅野
78%
米原・彦根
78%
宇部
78%
丸亀
78%
北九州
78%
中津・豊前
78%
富士吉田・富士河口湖
70%
尾道
70%
周南・下松
70%
新居浜
70%
熱海
67%
豊橋
67%
四国中央
67%
霧島
63%
鹿嶋・神栖
44%
東広島
44%
防府
44%
富岡
41%
伊東
30%
近畿 名張
26%
天橋立
26%
蔵王
19%
大島
19%
玉野
19%
御坊
15%
鬼怒川
11%
高野山
11%
東金
4%
No matching quizzes found
Score Distribution
Percent of People with Each Score
Percentile by Number Answered
Your Score History
You have not taken this quiz since the last reset